000 00546nam a2200193Ia 4500
005 20260120130825.0
008 008 260114s9999 xx 000 0 eng d
020 _a9780191700477
037 _aEBOOK
040 _aCRL
_beng
_cCRL
041 _aeng
_2eng
084 _qCRL
100 _ade BĂșrca, de Witte, Ogertschnig
_9919656
245 0 _aSocial Rights in Europe
260 _bOxford University PressOxford University Press
_c2012
856 _uhttps://academic.oup.com/book/26513
942 _cEBOOK
999 _c1511562
_d1511562